<?xml version="1.0" encoding="UTF-8"?>
<record
    xmlns:xsi="http://www.w3.org/2001/XMLSchema-instance"
    xsi:schemaLocation="http://www.loc.gov/MARC21/slim http://www.loc.gov/standards/marcxml/schema/MARC21slim.xsd"
    xmlns="http://www.loc.gov/MARC21/slim">

  <leader>00641nam a2200133Ia 4500</leader>
  <controlfield tag="008">120622s9999    xx            000 0 und d</controlfield>
  <datafield tag="020" ind1=" " ind2=" ">
    <subfield code="a">950-574-129-4</subfield>
  </datafield>
  <datafield tag="082" ind1=" " ind2=" ">
    <subfield code="a">323.4408211 F143e</subfield>
  </datafield>
  <datafield tag="245" ind1=" " ind2=" ">
    <subfield code="a">El cuarto poder : expresi&#xF3;n informaci&#xF3;n y comunicaci&#xF3;n social / Eduardo Barbarosch; Victor Baz&#xE1;n [et. al] ; coord. de H&#xE9;ctor Ra&#xFA;l Sandler</subfield>
  </datafield>
  <datafield tag="260" ind1=" " ind2=" ">
    <subfield code="a">Buenos Aires : Universidad de Buenos Aires ; Facultad de Derecho y Ciencias Sociales</subfield>
  </datafield>
  <datafield tag="300" ind1=" " ind2=" ">
    <subfield code="a">368 p.</subfield>
  </datafield>
  <datafield tag="650" ind1=" " ind2=" ">
    <subfield code="a">1. LIBERTAD DE PRENSA  \ 2. DERECHO A LA PRIVACIDAD</subfield>
  </datafield>
  <datafield tag="700" ind1=" " ind2=" ">
    <subfield code="a">I. Barbarosch, Eduardo ; coaut. II. Baz&#xE1;n, Victor ; coaut. \ III. Sandler, H&#xE9;ctor Ra&#xFA;l ; coaut.&#xCC;</subfield>
  </datafield>
  <datafield tag="952" ind1=" " ind2=" ">
    <subfield code="0">0</subfield>
    <subfield code="1">0</subfield>
    <subfield code="4">0</subfield>
    <subfield code="7">0</subfield>
    <subfield code="a">01</subfield>
    <subfield code="b">01</subfield>
    <subfield code="d">2007-10-11</subfield>
    <subfield code="l">1</subfield>
    <subfield code="o">323.4408211 F143E</subfield>
    <subfield code="p">01 011168</subfield>
    <subfield code="r">2023-11-29</subfield>
    <subfield code="s">2023-11-23</subfield>
    <subfield code="t">1</subfield>
    <subfield code="w">2012-06-24</subfield>
    <subfield code="y">LB</subfield>
  </datafield>
  <datafield tag="999" ind1=" " ind2=" ">
    <subfield code="c">60425</subfield>
    <subfield code="d">60425</subfield>
  </datafield>
</record>
